| 000 | 00446 a2200157 4500 | ||
|---|---|---|---|
| 999 |
_c8346 _d8346 |
||
| 020 | _a9780538735537 | ||
| 050 | _aQA303.2LAR2011 | ||
| 100 | _aLarson, Ron | ||
| 245 |
_aCalculus of a single variable early transcendental functions / _cRon Larson and Bruce H. Edwards |
||
| 250 | _a5th ed. | ||
| 264 |
_aAustralia _bCengage _c2011 |
||
| 300 | _a762p. | ||
| 500 | _aIncludes index | ||
| 650 | _aCalculus | ||
| 942 |
_2lcc _cBK _e5th ed. _h303.2 _iLAR _kQA |
||